Szegedre jön az Auchan a multi érkezése előtt körforgalmat építenek ki /

Elmentve itt :
Bibliográfiai részletek
Szerző: Gát László, Cs
Dokumentumtípus: Cikk
Megjelent: 2005-03-18
Sorozat:Délmagyarország 95 No. 64
Kulcsszavak:Szeged, Bevásárlóközpont Auchan
Online Access:http://dmarchiv.bibl.u-szeged.hu/134391
LEADER 00533nab a2200157 i 4500
001 delm134391
005 20191210132003.0
008 191210s2005 hu o 0|| hun d
040 |a SZTE Délmagyarország Archívum  |b hun 
041 |a hun 
100 1 |a Gát László, Cs. 
245 1 0 |a Szegedre jön az Auchan   |h [elektronikus dokumentum] :  |b a multi érkezése előtt körforgalmat építenek ki /  |c  Gát László, Cs. 
260 |c 2005-03-18 
300 |a 1, 5 
490 0 |a Délmagyarország  |v 95 No. 64 
695 |a Szeged, Bevásárlóközpont Auchan